Comentario a la ponencia del prof. D. J. Finney: Investigación, desarrollo y sociedad

Guardat en:
Dades bibliogràfiques
Autor principal: Pérez Tápanes, Lázaro
Format: Text
Publicat: s.n.t. :
Etiquetes: Afegir etiqueta
Sense etiquetes, Sigues el primer a etiquetar aquest registre!

MARC

LEADER 00000 a a2200000 04500
001 16777
003
040
090 |a 006400  
100 |a Pérez Tápanes, Lázaro  
245 |a Comentario a la ponencia del prof. D. J. Finney: Investigación, desarrollo y sociedad  
260 |a s.n.t. :  
300 |a 8 p.  
999 |c 469  |d 469